[Event "SVK-chT1E 2223"]
[Site "Slovakia"]
[Date "2022.12.03"]
[Round "5.6"]
[White "Turis, Ondrej"]
[Black "Hotak, Marian"]
[Result "1/2-1/2"]
[WhiteElo "1620"]
[BlackElo "1980"]
[PlyCount "80"]
[EventDate "2022.10.15"]
[EventType "team-tourn"]
[EventRounds "11"]
[EventCountry "SVK"]
[SourceTitle "EXT 2024"]
[Source "ChessBase"]
[SourceDate "2023.10.10"]
[SourceVersion "1"]
[SourceVersionDate "2023.10.10"]
[SourceQuality "1"]
[WhiteTeam "Kosice Slavia TU"]
[BlackTeam "Kosice Slavia UPJS"]
[WhiteTeamCountry "SVK"]
[BlackTeamCountry "SVK"]

1. d4 Nf6 2. c4 g6 3. Nc3 Bg7 4. e4 0-0 5. Be3 d6 6. f3 c5 7. Nge2 Nc6 8. Qd2 Qa5 9. d5 Ne5 10. Nc1 e6 11. dxe6 Bxe6 12. Qxd6 Nxc4 13. Qxc5 Qxc5 14. Bxc5 Rfc8 15. Bxc4 Bxc4 16. Be3 b5 17. N1e2 b4 18. Na4 Bb5 19. Nc5 Ne8 20. Rb1 Nd6 21. b3 Rc6 22. Kf2 f5 23. Rbc1 Bxe2 24. Kxe2 Nb5 25. Na4 Re6 26. Rc4 a5 27. exf5 gxf5 28. Kf2 Nd6 29. Rc5 f4 30. Bxf4 Bd4+ 31. Kg3 Bxc5 32. Nxc5 Rg6+ 33. Kf2 Rc8 34. Rc1 Nb5 35. Be3 Rgc6 36. Rc4 Nd6 37. Rg4+ Kf7 38. Rf4+ Ke8 39. Rf6 Nf7 40. Rf5 R8c7 1/2-1/2

[Event "SVK-chT2D 2122"]
[Site "Slovakia"]
[Date "2021.10.17"]
[Round "2.6"]
[White "Turis, Ondrej"]
[Black "Fecko, Juraj"]
[Result "0-1"]
[WhiteElo "1516"]
[BlackElo "1740"]
[PlyCount "106"]
[EventDate "2021.10.16"]
[EventType "team-tourn"]
[EventRounds "11"]
[EventCountry "SVK"]
[SourceTitle "EXT 2023"]
[Source "ChessBase"]
[SourceDate "2022.10.05"]
[SourceVersion "1"]
[SourceVersionDate "2022.10.05"]
[SourceQuality "1"]
[WhiteTeam "Kosice Slavia UPJS III"]
[BlackTeam "Michalovce Zemplin II"]
[WhiteTeamCountry "SVK"]
[BlackTeamCountry "SVK"]

1. d4 Nf6 2. c4 g6 3. Nc3 Bg7 4. e4 d6 5. Be3 0-0 6. f3 a6 7. Qd2 Nc6 8. Nge2 Bd7 9. Bh6 Rb8 10. Bxg7 Kxg7 11. g4 b5 12. Ng3 bxc4 13. h4 e5 14. d5 Nd4 15. Be2 Ng8 16. 0-0-0 a5 17. Rdf1 a4 18. Bxc4 Rb4 19. Bd3 Qe7 20. h5 Rfb8 21. hxg6 fxg6 22. Nd1 a3 23. Qh2 h6 24. Rf2 Qg5+ 25. Kb1 axb2 26. Nxb2 Qe3 27. Rd1 Ba4 28. Nf1 Qg5 29. Rdd2 Bb5 30. Bxb5 Nxb5 31. f4 exf4 32. Qxf4 Qxf4 33. Rxf4 Nc3+ 34. Ka1 Ra8 35. a4 Nxa4 36. Nxa4 Raxa4+ 37. Ra2 Rxa2+ 38. Kxa2 g5 39. Ka3 Rd4 40. Rf3 Rxe4 41. Ne3 Ne7 42. Kb3 Rf4 43. Rh3 Kg6 44. Kc3 Ra4 45. Kd3 Ra5 46. Ke4 Ra4+ 47. Kd3 Ng8 48. Rh1 Nf6 49. Rg1 h5 50. gxh5+ Kxh5 51. Rc1 g4 52. Rxc7 Ra3+ 53. Ke2 Rxe3+ 0-1

[Event "SVK-ch U16"]
[Site "Stara Lubovna"]
[Date "2021.06.28"]
[Round "3"]
[White "Turis, Ondrej"]
[Black "Brnusak, Tomas"]
[Result "0-1"]
[WhiteElo "1456"]
[BlackElo "2095"]
[PlyCount "62"]
[EventDate "2021.06.26"]
[EventType "swiss"]
[EventRounds "9"]
[EventCountry "SVK"]
[SourceTitle "CBM 203 Extra"]
[Source "ChessBase"]
[SourceDate "2021.09.30"]
[SourceVersion "1"]
[SourceVersionDate "2021.09.30"]
[SourceQuality "1"]

1. d4 d5 2. c4 e6 3. Nc3 c6 4. Nf3 Bd6 5. e4 dxc4 6. Bxc4 b5 7. Bb3 a6 8. 0-0 Nd7 9. d5 cxd5 10. exd5 e5 11. Ne4 Qe7 12. Nfg5 Ngf6 13. f4 0-0 14. fxe5 Nxe4 15. Nxe4 Bxe5 16. d6 Bxh2+ 17. Kxh2 Qxe4 18. Bd5 Qh4+ 19. Kg1 Rb8 20. Rf4 Qd8 21. Bb3 Bb7 22. Bc2 Qg5 23. Rg4 Qc5+ 24. Kh1 Rbc8 25. Bb3 Nf6 26. Rg3 Qf2 27. Kh2 Ne4 28. Rf3 Qh4+ 29. Rh3 Qf6 30. Qh5 Qxd6+ 31. Kh1 Nf2+ 0-1

[Event "SVK-ch U14"]
[Site "Lubovna"]
[Date "2020.08.21"]
[Round "8"]
[White "Turis, Ondrej"]
[Black "Duda, Daniel2222"]
[Result "1-0"]
[WhiteElo "1504"]
[BlackElo "1490"]
[PlyCount "79"]
[EventDate "2020.08.15"]
[EventType "swiss"]
[EventRounds "9"]
[EventCountry "SVK"]
[SourceTitle "EXT 2021"]
[Source "ChessBase"]
[SourceDate "2020.10.23"]
[SourceVersion "1"]
[SourceVersionDate "2020.10.23"]
[SourceQuality "1"]

1. d4 Nf6 2. c4 e6 3. Nc3 d5 4. cxd5 exd5 5. Bg5 Nbd7 6. e3 Be7 7. Bd3 0-0 8. Qc2 h6 9. Bh4 c6 10. Nge2 Re8 11. 0-0 Ne4 12. Bxe7 Qxe7 13. Nxe4 dxe4 14. Bc4 Nb6 15. Bb3 a5 16. a3 Be6 17. Bxe6 Qxe6 18. Nf4 Qc4 19. Rac1 Qxc2 20. Rxc2 Rac8 21. Rfc1 Na4 22. d5 g5 23. Ne2 Red8 24. dxc6 Rxc6 25. Rxc6 bxc6 26. b3 Nc5 27. Nd4 Rd5 28. h3 Kf8 29. Kh2 h5 30. Kg3 h4+ 31. Kg4 Nd3 32. Rxc6 Ne5+ 33. Kh5 Nxc6 34. Nxc6 f6 35. Kg6 Rc5 36. Nd4 Ke7 37. b4 Rc3 38. b5 Rc1 39. Kg7 Rb1 40. a4 1-0

[Event "SVK-ch U14"]
[Site "Lubovna"]
[Date "2020.08.17"]
[Round "4"]
[White "Novysedlak, Samuel"]
[Black "Turis, Ondrej"]
[Result "0-1"]
[WhiteElo "1000"]
[BlackElo "1504"]
[PlyCount "70"]
[EventDate "2020.08.15"]
[EventType "swiss"]
[EventRounds "9"]
[EventCountry "SVK"]
[SourceTitle "EXT 2021"]
[Source "ChessBase"]
[SourceDate "2020.10.23"]
[SourceVersion "1"]
[SourceVersionDate "2020.10.23"]
[SourceQuality "1"]

1. e4 c6 2. Nf3 d5 3. exd5 cxd5 4. d4 Bg4 5. Nbd2 Nc6 6. Bb5 e6 7. h3 Bh5 8. 0-0 Nge7 9. c3 a6 10. Ba4 b5 11. Bc2 Bg6 12. Ng5 h6 13. Bxg6 Nxg6 14. Ngf3 Be7 15. a4 0-0 16. Re1 Qc7 17. axb5 axb5 18. Rxa8 Rxa8 19. Qe2 Qb7 20. b3 Bf6 21. Nb1 b4 22. cxb4 Qxb4 23. Be3 Nxd4 24. Nxd4 Bxd4 25. Bxd4 Qxd4 26. Rd1 Qb6 27. Nd2 Ra2 28. Rb1 Qb4 29. Rd1 Qxb3 30. Kf1 Qc2 31. Ke1 Nf4 32. Qf3 Qa4 33. Rb1 Ra1 34. Kf1 Rxb1+ 35. Nxb1 Qb5+ 0-1

[Event "SVK-ch U14"]
[Site "Lubovna"]
[Date "2020.08.17"]
[Round "3"]
[White "Turis, Ondrej"]
[Black "Volanek, Maros"]
[Result "1/2-1/2"]
[WhiteElo "1504"]
[BlackElo "1316"]
[PlyCount "125"]
[EventDate "2020.08.15"]
[EventType "swiss"]
[EventRounds "9"]
[EventCountry "SVK"]
[SourceTitle "EXT 2021"]
[Source "ChessBase"]
[SourceDate "2020.10.23"]
[SourceVersion "1"]
[SourceVersionDate "2020.10.23"]
[SourceQuality "1"]

1. d4 d5 2. c4 e6 3. Nc3 Nf6 4. cxd5 exd5 5. Bg5 Be7 6. e3 0-0 7. Bd3 Be6 8. Nge2 c6 9. 0-0 Re8 10. Qc2 Nbd7 11. f3 Qc7 12. Kh1 Nf8 13. Bf4 Qd6 14. Rad1 Rac8 15. e4 Qd8 16. Bg3 dxe4 17. fxe4 Qb6 18. Na4 Qa5 19. Nec3 Bg4 20. Be2 Bxe2 21. Qxe2 Ne6 22. d5 cxd5 23. exd5 Nc5 24. Qb5 Qxb5 25. Nxb5 Nxa4 26. d6 Rcd8 27. dxe7 Rxd1 28. Rxd1 Rxe7 29. Rd8+ Re8 30. Rxe8+ Nxe8 31. b3 Nc5 32. Nxa7 f6 33. Nb5 Kf7 34. Kg1 g5 35. Kf1 Ng7 36. Ke2 Ke6 37. Ke3 Nf5+ 38. Kf3 Nxg3 39. Kxg3 h5 40. h4 Ne4+ 41. Kf3 Ke5 42. hxg5 fxg5 43. Na3 Nc3 44. Nc2 Nxa2 45. Ne1 Nc1 46. b4 b5 47. Ke3 Na2 48. Nc2 Nc3 49. Na3 Nd5+ 50. Kf3 Nxb4 51. Nxb5 Nd5 52. Na3 Kf5 53. Nc4 g4+ 54. Kg3 Kg5 55. Nd2 h4+ 56. Kh2 Kf4 57. Nf1 Nc3 58. Nd2 Ke3 59. Nc4+ Kf2 60. Ne5 g3+ 61. Kh3 Nd1 62. Nf3 Ne3 63. Nxh4 1/2-1/2

[Event "SVK-ch U14"]
[Site "Liptovsky Mikulas"]
[Date "2019.04.29"]
[Round "8"]
[White "Turis, Ondrej"]
[Black "Zacik, Tibor Gregor"]
[Result "1/2-1/2"]
[WhiteElo "1273"]
[BlackElo "1258"]
[PlyCount "64"]
[EventDate "2019.04.23"]
[EventType "swiss"]
[EventRounds "9"]
[EventCountry "SVK"]
[SourceTitle "CBM 190 Extra"]
[Source "ChessBase"]
[SourceDate "2019.07.15"]
[SourceVersion "1"]
[SourceVersionDate "2019.07.15"]
[SourceQuality "1"]

1. e4 e6 2. d4 d5 3. exd5 exd5 4. Bd3 Nc6 5. Nf3 Bg4 6. Be3 Bd6 7. h3 Bh5 8. Nc3 Nge7 9. Qe2 Qd7 10. 0-0-0 0-0-0 11. Nb5 Kb8 12. Nxd6 Qxd6 13. c3 f6 14. Rhe1 Bg6 15. Bxg6 Nxg6 16. Nd2 Rhe8 17. Qh5 Rh8 18. Nb3 b6 19. Kb1 Nce7 20. Rc1 Qe6 21. Qe2 Qe4+ 22. Ka1 Qxg2 23. c4 dxc4 24. Qxc4 Rc8 25. Bf4 Qb7 26. Bg3 Nd5 27. Re6 Rhd8 28. Rc6 Nge7 29. Re6 Rd7 30. a4 a5 31. Nd2 f5 32. Nf3 Ka8 1/2-1/2